| 000 | 01043nam a2200265 a 4500 | ||
|---|---|---|---|
| 001 | 72635 | ||
| 003 | BD-RjUL | ||
| 005 | 20211209082305.0 | ||
| 008 | 170522s1964 nyua b 001 0 eng | ||
| 035 | _a(BD-RjUL)72853 | ||
| 040 |
_aDLC _cDLC _dDLC _dBD-RjUL _beng |
||
| 041 | _aeng | ||
| 082 | 0 | 0 |
_a581.1 _bOVL 1964 |
| 100 | 1 |
_aVan Overbeek, Johannes, _d1908- _9214847 |
|
| 245 | 1 | 4 |
_aThe lore of living plants / _cJohannes Van Overbeek ; Activities by Harry K. Wong. Advisory group: Harry A. Borthwick, Phyllis Gross [and] Addison E. Lee. Produced by the National Science Teachers Association in cooperation with the U.S. Dept. of Agriculture, Agricultural Research Service. |
| 260 |
_aNew York : _bMcGraw-Hill, _c1964. |
||
| 300 |
_a160 p. : _bill. ; _c21 cm. |
||
| 490 | 0 | _aA Vistas of science book. | |
| 500 | _aIncludes index. | ||
| 504 | _aBibliography: p. 154. | ||
| 650 | 0 |
_aPlant physiology. _9214848 |
|
| 710 | 2 |
_aNational Science Teachers Association. _9214849 |
|
| 830 |
_aA Vistas of science book. _9214851 |
||
| 942 |
_2ddc _cBK |
||
| 999 |
_c72635 _d72635 |
||